| 000 | 00829nam a2200217 a 4500 | ||
|---|---|---|---|
| 001 | BRCA_1108 | ||
| 005 | 20190320203302.0 | ||
| 008 | 020916s2001 sp-a---##b---#000-0#spa-# | ||
| 020 | _a8460732010 | ||
| 040 |
_aDLC _cDLC |
||
| 050 | 4 |
_aNK9662 _b.G66 2001 |
|
| 100 | 1 |
_aGómez-Moreno, Manuel _d1870-1970 _93657 |
|
| 245 | 1 | 0 |
_aLa carpintería en Granada _cManuel Gómez-Moreno Martínez ; estudios preliminares de Ma. Carmen López Pertíñez y Javier Moya Morales. |
| 260 |
_aGranada _bInstituto Gómez-Moreno de la Fundación Rodríguez-Acosta _c2001 |
||
| 300 |
_a194 p. _bil. (algunas a color) _c24 cm. |
||
| 440 | 0 |
_aDocumentos y estudios de arte granadino _v2 _93658 |
|
| 650 | 1 | 4 |
_aArtesanía en madera _zEspaña _93659 |
| 700 | 1 |
_aLópez Pertíñez, Ma. Carmen _93660 |
|
| 700 | 1 |
_aMoya Morales, Javier _93661 |
|
| 942 |
_2lcc _cB |
||
| 999 |
_c987 _d987 |
||